| 000 | 01528nmm a2200433 a 4500 | ||
|---|---|---|---|
| 001 | ocm0001916864 | ||
| 003 | TR-IsHL | ||
| 005 | 20201028172858.0 | ||
| 008 | 180710s2012 tu tur | ||
| 007 | cr cn | ||
| 020 | _a9786054538225 | ||
| 035 |
_a1916864 _b(N$T) |
||
| 050 | 0 | 4 |
_aHF5387 _b.K33 2012 |
| 090 | 0 | 4 |
_aHF5387 _b.K33 2012 |
| 100 | 1 | _aKadıbeşegil, Salim | |
| 245 | 1 | 0 |
_aOyun bitti : _bmarkalar, şirketler ve liderler yeni dönemi nasıl yönetecek? _h[electronic resource] / _cSalim Kadıbeşegil ; yayına hazırlayan Zülfü Dicleli |
| 250 | _aİkinci basım | ||
| 260 |
_aİstanbul : _bOptimist Yayım Dağıtım, _c2012 |
||
| 300 | _a270 p. | ||
| 650 | 4 | _aİşletme ve Yönetim | |
| 650 | 4 | _aBusiness Management | |
| 650 | 0 | _aSosyal sorumluluk, İşletmelerin | |
| 650 | 0 | _aSocial responsibility of business | |
| 650 | 0 |
_aSosyal güvenlik _x Türkiye |
|
| 650 | 0 |
_aSocial security _x Turkey |
|
| 650 | 0 | _aBusiness ethics | |
| 650 | 0 | _aİş etiği | |
| 650 | 0 | _aHalkla ilişkiler | |
| 650 | 0 | _aPublic relations | |
| 650 | 0 |
_aŞirketler _x Halkla ilişkiler |
|
| 650 | 0 |
_aCorporations _x Public relations |
|
| 650 | 0 | _aİletişim, Yönetimde | |
| 650 | 0 | _aCommunication in management | |
| 650 | 0 | _aİletişim, Örgütlerde | |
| 650 | 0 | _aCommunication in organizations | |
| 650 | 7 |
_aBUSINESS & ECONOMICS / Business Ethics _2bisacsh |
|
| 700 | 1 | _aDicleli, Zülfü | |
| 856 | 4 | 0 | _uhttp://search.ebscohost.com/login.aspx?direct=true&scope=site&db=e011xww&AN=1916864 |
| 999 |
_c17419 _d17419 |
||